History Quiz

Random History or Year Quiz

Historical Events of 1998 Quiz Stats

 Plays Quiz Updated Aug 9, 2019

Score 0/22 Timer 07:00
0 Plays Today
Date Answer % Correct
February 24Elton John
90.2%
September 7Google
90.2%
February 23Osama bin Laden
90.1%
November 19Bill Clinton
89.6%
December 16-19Iraq
84%
March 2Jupiter
81.2%
August 31North Korea
80.8%
May 14Seinfeld
78.8%
June 5General Motors
78%
January 25Green Bay Packers
77.9%
April 19Nobel Prize
75.2%
Date Answer % Correct
January 5Copenhagen
71.6%
December 6Venezuela
71.4%
May 4UNABOMBER
70.5%
August 20Quebec
69.8%
July 24Saving Private Ryan
65.2%
June 27Malaysia
61.9%
October 23Yasser Arafat
55.1%
December 1Exxon-Mobil
52.2%
July 17Nicholas II
50.3%
November 24Believe
44.6%
October 29Discovery
36.3%

You're not logged in!

Compare scores with friends on all Sporcle quizzes.
OR
Log In

Show Comments

Extras

Top Quizzes Today


Score Distribution

Your Account Isn't Verified!

In order to create a playlist on Sporcle, you need to verify the email address you used during registration. Go to your Sporcle Settings to finish the process.

Report this User

Report this user for behavior that violates our Community Guidelines.

Details: